000 00326nab a22001097u 4500
008 130520b2007 xxu||||| |||| 00| 0 fre d
041 _afre
100 1 _aBrodeur, Raymond
_955194
245 0 0 _aUne lecture à distance
_cRaymond Brodeur
773 0 _tLumen Vitae
_gV.62, nº2,2007,págs. 163-175
_x0024-7324
_wRev262
942 _cAR
999 _c313619
_d313619